Kraje świata według pierwszych trzech liter - 1 minuta - Statystyki

Ogólne statystyki
  • Ten quiz został rozwiązany 232 razy
  • Średni wynik to 32 z 196
Odpowiedzi na mapie
Odpowiedzi zakodowano w zielono-czerwonej skali na mapie do tego quizu, zgodnie z poniższymi procentami.
 
Statystyki odpowiedzi
kraj % Poprawnych
Republika Południowej Afryki
92%
Polska
91%
Stany Zjednoczone
81%
Rosja
77%
Kanada
71%
Chile
65%
Chiny
65%
Brazylia
61%
Holandia
61%
Hiszpania
56%
Niemcy
56%
Francja
55%
Meksyk
55%
Wielka Brytania
53%
Australia
52%
Austria
52%
Szwajcaria
50%
Szwecja
50%
Portugalia
47%
Norwegia
46%
Wietnam
45%
Finlandia
40%
Indie
40%
Indonezja
40%
Ukraina
39%
Argentyna
37%
Dania
37%
Monako
30%
Mongolia
30%
Kazachstan
29%
Belgia
28%
Belize
28%
Irlandia
28%
Algieria
27%
Egipt
27%
Turcja
26%
Turkmenistan
26%
Białoruś
25%
Irak
25%
Iran
25%
Islandia
25%
Japonia
25%
Włochy
25%
Peru
23%
Kolumbia
22%
Arabia Saudyjska
21%
Demokratyczna Republika Konga
21%
Czechy
20%
Korea Północna
20%
Korea Południowa
20%
Malawi
19%
Malediwy
19%
Malezja
19%
Mali
19%
Malta
19%
Boliwia
18%
Niger
18%
Nigeria
18%
Urugwaj
18%
Wyspy Marshalla
18%
Côte d'Ivoire
17%
Estonia
17%
Litwa
17%
Wenezuela
17%
Paragwaj
16%
Słowacja
16%
Słowenia
16%
Angola
15%
Liban
15%
Liberia
15%
Libia
15%
Łotwa
15%
Oman
15%
Pakistan
14%
Rumunia
14%
Sudan
14%
Sudan Południowy
14%
Cabo Verde
13%
Grecja
13%
Grenada
13%
Jemen
13%
Kongo
13%
Madagaskar
13%
Republika Środkowoafrykańska
13%
Wyspy Salomona
13%
Afganistan
12%
Albania
12%
Czad
12%
Czarnogóra
12%
Panama
12%
Tajlandia
12%
Tajwan
12%
Zjednoczone Emiraty Arabskie
12%
Ekwador
11%
Gujana
11%
Maroko
11%
Wyspy Świętego Tomasza i Książeca
11%
Chorwacja
10%
Gruzja
10%
Kuba
10%
Bułgaria
9%
Kirgistan
9%
Kiribati
9%
Andora
8%
Dominika
8%
Dominikana
8%
Etiopia
8%
Honduras
8%
Mauretania
8%
Mauritius
8%
Nowa Zelandia
8%
Tadżykistan
8%
Tunezja
8%
Węgry
8%
Filipiny
7%
Jamajka
7%
Kosowo
7%
Kostaryka
7%
Mołdawia
7%
Serbia
7%
Surinam
7%
Armenia
6%
Gwatemala
6%
Izrael
6%
Kambodża
6%
Kamerun
6%
Kenia
6%
Namibia
6%
Papua-Nowa Gwinea
6%
Saint Kitts i Nevis
6%
Saint Lucia
6%
Saint Vincent i Grenadyny
6%
Tanzania
6%
Uzbekistan
6%
Watykan
6%
Bahamy
5%
Bahrajn
5%
Bośnia i Hercegowina
5%
Burundi
5%
Cypr
5%
Ghana
5%
Gwinea
5%
Gwinea Bissau
5%
Gwinea Równikowa
5%
Laos
5%
Luksemburg
5%
Nikaragua
5%
Senegal
5%
Syria
5%
Azerbejdżan
4%
Haiti
4%
Macedonia Północna
4%
Togo
4%
Zambia
4%
Antigua i Barbuda
3%
Botswana
3%
Erytrea
3%
Katar
3%
Kuwejt
3%
Mikronezja
3%
Mjanma
3%
Mozambik
3%
San Marino
3%
Zimbabwe
3%
Bangladesz
2%
Barbados
2%
Benin
2%
Bhutan
2%
Dżibuti
2%
Gabon
2%
Gambia
2%
Jordania
2%
Lesotho
2%
Liechtenstein
2%
Nauru
2%
Nepal
2%
Salwador
2%
Seszele
2%
Somalia
2%
Sri Lanka
2%
Tonga
2%
Vanuatu
2%
Brunei
1%
Eswatini
1%
Fidżi
1%
Komory
1%
Palau
1%
Rwanda
1%
Samoa
1%
Sierra Leone
1%
Timor-Leste
1%
Trynidad i Tobago
1%
Tuvalu
1%
Uganda
1%
Burkina Faso
0%
Singapur
0%
Nie znaleziono quizów pasujących do podanych kryteriów
Rozkład punktacji
Procent ludzi z każdym wynikiem
Percentyl według liczby udzielonych odpowiedzi
Twoja historia wyników
Nie rozwiązałeś tego quizu